Personnes célèbres à double prénom 1 - Statistiques

Statistiques générales
  • Ce quiz a été pris 43 fois
  • Le résultat moyen est 22 sur 50
Statistiques - réponses
Indice 1 Indice 2 Indice 3 Prénom et nom % Correct
1939-1978 Chanteur CF Claude François
74%
1934-2013 Tueur en série EL Emile Louis
74%
1950 Chanteur FF Frédéric François
74%
1962 Tueur en série GG Guy Georges
74%
1965 Sportif J-PF Jean-Pierre François
71%
1957-2017 Assassin PH Patrick Henry
71%
1977 Sportif TH Thierry Henry
71%
1920-2003 Acteur JF Jacques François
69%
1934 Acteur PR Pierre Richard
69%
1923-2007 Mime MM Marcel Marceau
63%
1928 Chanteuse LR Line Renaud
60%
1966 Actrice SM Sophie Marceau
60%
1956-1997 Chauffeur HP Henri Paul
57%
1964 Animatrice ET Evelyne Thomas
54%
1946 Chanteuse MM Mireille Mathieu
54%
1945 Ecrivaine CT Chantal Thomas
51%
1954 Chanteur FV François Valéry
49%
1945 Journaliste HC Hervé Claude
49%
1830-1905 Anarchiste LM Louise Michel
49%
1957 Chanteuse MM Marie Myriam
49%
1964 Sportive NS Nathalie Simon
46%
1871-1945 Ecrivain PV Paul Valéry
46%
1866-1947 Ecrivain TB Tristan Bernard
46%
1944 Chanteur YS Yves Simon
46%
1933-2007 Animateur JM Jacques Martin
43%
1894-1961 Ecrivain L-FC Louis-Ferdinand Céline
43%
1895-1975 Acteur MS Michel Simon
43%
1964 Sportif PM Patrice Martin
43%
1892-1979 Sculpteur PS Paul Simon
43%
1971 Chanteur RM Ricky Martin
43%
1920-2002 Réalisateur YR Yves Robert
43%
1939 Chanteur DG Danyel Gérard
37%
1953 Animateur PS Patrick Sébastien
37%
v.1302-1358 Prévôt des marchands EM Etienne Marcel
34%
1956 Chanteur FV Francky Vincent
34%
1922-1959 Acteur GP Gérard Philippe
34%
1970 Chanteuse LF Lara Fabian
34%
1937-2012 Journaliste TR Thierry Roland
29%
1945 Chanteur HL Herbert Léonard
26%
1904-1976 Acteur JG Jean Gabin
26%
1933-2012 Trompettiste MA Maurice André
26%
1966 Journaliste TH Thomas Hugues
26%
1981 Mannequin CM Clara Morgane
23%
1943 Animatrice DG Danièle Gilbert
23%
1844-1924 Ecrivain AF Anatole France
20%
1938-2015 Chanteur RA Richard Anthony
17%
1936 Journaliste AJ Alain Jérôme
14%
1934-2020 Chanteuse AS Anne Sylvestre
14%
1947 Chanteur FM Frank Michaël
14%
1924-2003 Acteur MC Michel Constantin
3%
Aucun quiz correspondant
Distribution des résultats
% des personnes avec chaque résultat
Percentile par nombre de réponses
Votre historique - résultats
Vous n’avez pas pris ce quiz